000 00343nam a22001457a 4500
003 OSt
008 250530b |||||||| |||| 00| 0 eng d
020 _a9788172231248
100 _aRADHAKRISHNAN, S.
245 _aThe Principal Upanisads
260 _aGurugram
_bHarper Collins
_c2024
300 _a952
650 _aGeneral
942 _2ddc
_cBK
999 _c13632
_d13632